| 000 | 00347nam a22001337a 4500 | ||
|---|---|---|---|
| 005 | 20250901165815.0 | ||
| 008 | 250328b |||||||| |||| 00| 0 eng d | ||
| 020 | _a996644601x | ||
| 050 | _aPR 9389.9 .M84 2007 | ||
| 245 |
_aWalk with me, Angela _cStephen Mugambi |
||
| 260 |
_aNairobi: _bLonghorn, _c2008. |
||
| 300 |
_a156 p.: _c18 cm. |
||
| 942 | _2lcc | ||
| 999 |
_c9480 _d9480 |
||